000 00921cam a2200253 4500
001 000012218
005 20200929162741.0
008 700609s1969 iau b 000 0 eng
010 _a73012413
020 _a0697071502
040 _aDO-SdBNP
_cDLC
_dICU
_dDLC
082 _a372.86
_bA628
245 0 0 _aAnthology of contemporary readings; :
_ban introduction to physical education /
_c[by] Howard S. Slusher [and] Aileene S. Lockhart.
260 _aDubuque, Iowa, :
_bW. C. Brown Company Publishers,
_cc1969.
300 _axi, 324 p. ;
_c23 cm.
490 1 _aPhysical education series
504 _aIncludes bibliographies.
650 4 _aEducación física
_912552
650 4 _aEducación física
_xFormación profesional
_928851
700 1 _aLockhart, Aileene Simpson,
_d1911-
_ejoint ed.
_928852
830 0 _aPhysical education series (Dubuque, Iowa)
_928853
910 _aCatalogación derivada
049 _aBNGR
999 _c11882
_d11882